Southville International School and Colleges
Your cart is empty.
  • Cart
  • Lists
    Public lists Eva Luna New books Lux_list list_1
    Your lists Log in to create your own lists
  • Log in to your account
  • Your cookies
  • Search history
Southville International School and Colleges
  • Advanced search
  • Recent comments
  • Most popular
  • Libraries

Log in to your account

Log in with GOOGLE


If you do not have an external account, but do have a local account, you can still log in:

  1. Home
  2. MARC view: Social control in information system dvelopment: A negotiated order perspective /
Normal view MARC view ISBD view

Social control in information system dvelopment: A negotiated order perspective / (Record no. 361453)

[ view plain ]
MARC details
000 -LEADER
fixed length control field 00601nam a2200181Ia 4500
008 - FIXED-LENGTH DATA ELEMENTS--GENERAL INFORMATION
fixed length control field 190422s9999 xx 000 0 und d
100 ## - MAIN ENTRY--PERSONAL NAME
Personal name Eng Huang Chua, Cecil
245 ## - TITLE STATEMENT
Title Social control in information system dvelopment: A negotiated order perspective /
245 ## - TITLE STATEMENT
Statement of responsibility, etc Cecil Eng Huang Chua and Michael D. Myers.--
260 ## - PUBLICATION, DISTRIBUTION, ETC. (IMPRINT)
Name of publisher, distributor, etc Association for Information Technology Trust
260 ## - PUBLICATION, DISTRIBUTION, ETC. (IMPRINT)
Date of publication, distribution, etc 2018
300 ## - PHYSICAL DESCRIPTION
Extent pages 173-187, September 2018
440 ## - SERIES STATEMENT/ADDED ENTRY--TITLE
Title Journal of Information Technology
Volume number/sequential designation 33(3)
650 ## - SUBJECT ADDED ENTRY--TOPICAL TERM
Topical term or geographic name as entry element Control
650 ## - SUBJECT ADDED ENTRY--TOPICAL TERM
Topical term or geographic name as entry element Control Theory
650 ## - SUBJECT ADDED ENTRY--TOPICAL TERM
Topical term or geographic name as entry element Interpretive
650 ## - SUBJECT ADDED ENTRY--TOPICAL TERM
Topical term or geographic name as entry element Stucture

No items available.

Social control in information system dvelopment: A negotiated order perspective /

APA

Eng Huang Chua C., .Social control in information system dvelopment: A negotiated order perspective. : Association for Information Technology Trust.

Chicago

Eng Huang Chua Cecil, .Social control in information system dvelopment: A negotiated order perspective. : Association for Information Technology Trust.

Harvard

Eng Huang Chua C., .Social control in information system dvelopment: A negotiated order perspective. : Association for Information Technology Trust.

MLA

Eng Huang Chua Cecil, .: Association for Information Technology Trust. .

  • Print
  • Cite
  • Add to your cart (remove)
  • Save record
    BIBTEX Dublin Core MARCXML MARC (non-Unicode/MARC-8) MARC (Unicode/UTF-8) MARC (Unicode/UTF-8, Standard) MODS (XML) RIS
  • More searches
    Search for this title in:
    Other Libraries (WorldCat) Other Databases (Google Scholar) Online Stores (Bookfinder.com) Open Library (openlibrary.org)

Exporting to Dublin Core...

SOUTHVILLE LIBRARY

Southville International School and Colleges Library

1281 Tropical Ave. Cor. Luxembourg St., BF Homes International, Las Pinas City

Tel. No. 8256374 / 252358 Loc. 117/146

Powered by Koha